Top Transfer of a Footballer From the Americas Every Year Since 1995 - Statistics

General Stats
  • This quiz has been taken 67 times
  • The average score is 18 of 32
Answer Stats
Season Fee Nationality From To Answer % Correct
2022/23 €85.00m Uruguay Benfica Liverpool Darwin Núñez
100%
2020/21 €34.00m Uruguay Almeria Benfica Darwin Núñez
100%
2018/19 €64.00m United States Borussia Dortmund Chelsea Christian Pulisic
98%
2013/14 €64.50m Uruguay Napoli Paris Saint-Germain Edinson Cavani
96%
2014/15 €81.72m Uruguay Liverpool Barcelona Luis Suárez
96%
2010/11 €26.50m Uruguay Ajax Amsterdam Liverpool Luis Suárez
96%
2017/18 €42.00m Colombia Ajax Amsterdam Tottenham Hotspur Davinson Sánchez
95%
2021/22 €51.00m Colombia FC Porto Liverpool Luis Díaz
93%
2024/25 €50.00m Uruguay Paris Saint-Germain Manchester United Manuel Ugarte
93%
2023/24 €116.00m Ecuador Brighton Chelsea Moisés Caicedo
93%
2016/17 €18.00m Chile Barcelona Manchester City Claudio Bravo
91%
2009/10 €18.80m Ecuador Wigan Athletic Manchester United Antonio Valencia
85%
2011/12 €40.00m Colombia FC Porto Atlético Madrid Radamel Falcao
85%
2019/20 €45.00m Mexico PSV Eindhoven Napoli Hirving Lozano
84%
2007/08 €21.00m Uruguay Villarreal Atlético Madrid Diego Forlán
78%
2015/16 €42.00m Colombia Atlético Madrid Guangzhou Evergrande Jackson Martínez
65%
2008/09 €16.50m Uruguay Villarreal Barcelona Martín Cáceres
42%
2001/02 €25.00m Chile Lazio Juventus Marcelo Salas
35%
1998/99 €17.50m Chile River Plate Lazio Marcelo Salas
35%
1999/00 €14.00m Colombia San Lorenzo Inter Milan Iván Córdoba
31%
2012/13 €15.20m Uruguay Bologna Southampton Gastón Ramírez
29%
1995/96 €7.60m Colombia Parma Newcastle United Faustino Asprilla
24%
2000/01 €14.40m Colombia River Plate Aston Villa Juan Pablo Ángel
20%
2006/07 €12.25m Chile Inter Milan AS Roma David Pizarro
18%
2005/06 €12.00m Chile Udinese Inter Milan David Pizarro
18%
2004/05 €10.00m Colombia Nantes Paris Saint-Germain Mario Yepes
16%
2004/05 €10.00m Uruguay Lecce AS Monaco Javier Chevantón
11%
2003/04 €6.24m Uruguay Danubio Juventus Rubén Oliveira
9%
1997/98 €10.50m Uruguay San Lorenzo Deportivo La Coruña Sebastián Abreu
9%
2004/05 €10.00m Uruguay Juventus Inter Milan Fabián Carini
7%
2002/03 €9.00m French Guiana Lorient Girondins Bordeaux Jean-Claude Darcheville
5%
1996/97 €4.50m Chile Universidad Católica Rangers Sebastián Rozental
4%
No matching quizzes found
Score Distribution
Percent of People with Each Score
Percentile by Number Answered
Your Score History
You have not taken this quiz